| 000 | 00653nam a2200145Ia 4500 | ||
|---|---|---|---|
| 008 | 231129s2013||||xx |||||||||||||| ||spa|| | ||
| 020 | _a978-958-8755-61-8 | ||
| 040 | _bspa | ||
| 082 | _a343.015 H493j | ||
| 100 | _aHenao Toro Consuelo Amparo | ||
| 245 | 0 | _aLa justicia penal militar colombiana y los principios procesales constitucionales de independencia e imparcialidad después de la separación de la función de jurisdicción con la función de comando | |
| 260 | _c2013 | ||
| 264 | _aUniversidad Libre - Seccional Pereira. Facultad de Derecho Centro de Investigaciones Socio Jurídicas | ||
| 942 |
_2ddc _cBKS |
||
| 999 |
_c17453 _d17453 |
||